00621nam a2200169Ia 4500008004000000020001800040082001700058100001600075245004100091260005500132300001100187650003700198690002500235906001100260999001900271952016100290210210b2002 xxu||||| |||| 00| 0 eng d a81 7391 519 9 a362.793 PANG aPANT (S K). aGender bias in girl child education. aNew DelhibKanishka publishers Distributorsc2002 axx,200 aGender Bias Girl Child Education aProblems of Children a061320 c107996d107996 001040708Social WorkaALbALcSocial Workd2021-02-17eAlka Prakashan Kanpur-208007g450.00l0o362.793 PANGp061320r2021-02-17 00:00:00w2021-02-17yBK